01276nam a2200325 a 4500001001000000003000900010005001700019007001000036008004100046040002200087082002500109092000600134100003500140245010500175246007500280260003600355300003100391500003400422500004200456504007300498651005700571700003300628910003700661942001200698945002700710952011900737956004000856956003900896999001500935000020104DO-SdBNP20171013122004.0000020104100721s1995 dr c 000 0 spa d aBPMSUbspacBPMSU 42 a972.93054 bR696r b 1 aRodríguez Demorizi, Silveria34aEn la revolución constitucionalista /cSilveria Rodríguez Demorizi, Emilio Rodríguez Demorizi. aSilveria y Rodríguez Demorizi en la revolución constitucionalista aSanto Domingo :bTaller,c1995. a256 p. :bretrs. ;c23 cm. aIncluye índice onomástico aIncluye notas al pie de las páginas aIncluye referencias bibliográficas y notas al pie de las páginas aREPÚBLICA DOMINICANAxHISTORIAyREVOLUCIÓN, 19651 aRodríguez Demorizi, Emilio aValidado. Control de calidad MFF 2ddccBK aInventariado / 2017 VM 00102ddc40708CDaBPMETbBPMETd2015-11-06l0o972.93054 R696r pBPMSU15110118r2015-11-06w2015-11-06yBK aBTAVAREZb10c20100730lBND01h1345 aVMATEOb10c20151106lBPMSUh00151 c8599d8599